|
|
|
|
| LEADER |
00943ncm a22002292a 4500 |
| 001 |
000170249 |
| 003 |
CZ BrMZK |
| 005 |
20120815154349.0 |
| 007 |
qu |
| 008 |
960101s1953 gw f ger d |
| 040 |
|
|
|a BOA001
|b cze
|
| 072 |
|
7 |
|a 784
|x Vokální hudba
|2 Konspekt
|9 9
|
| 100 |
1 |
|
|a Händel, Georg Friedrich,
|d 1685-1759
|7 jn19990003280
|4 cmp
|
| 245 |
1 |
0 |
|a Duette und Terzette.
|n Trio 2,
|p "Frühmorgens lacht das Blühen"
|h [hudebnina].
|b unter Zugrundelegung der Chrysanderschen Gesamtausgabe : für zwei Soprane, Bass und Continuo /
|c Georg Friedrich Händel ; neu hrsg. von Gerd Ochs
|
| 246 |
3 |
0 |
|a "Frühmorgens lacht das Blühen"
|
| 260 |
|
|
|a Halle :
|b Mitteldeutscher Verlag,
|c 1953
|
| 300 |
|
|
|a 18 s.
|
| 700 |
1 |
|
|a Ochs, Gerd,
|d 1903-1977
|7 kup20010000071836
|4 edt
|
| 910 |
|
|
|a BOA001
|b Mus4-0564.062,2
|
| 990 |
|
|
|a MU
|
| 991 |
|
|
|b 201208
|
| 996 |
6 |
|
|b 2619933365
|c Mus4-0564.062,2
|l MZK
|r Sklad / do 1 hodiny
|n 2
|w 000170249
|u 000010
|a 1
|e BOA001
|j MZK50
|s P
|